000 00507nam a2200181Ia 4500
001 5120
005 20260306145845.0
008 260306t2002||||xx |||||||||||||| ||spa||
041 _aESP
082 _a333.7
_bM95
100 _aMunicipalidad Provincial de Arequipa. Proyecto PROCHILI
_eAUT
245 0 _aPlan de gestión ambiental de la Cuenca Metropolitana del rio Chili, Arequipa
260 _c2002
300 _a134 páginas :
_c20 cm.
650 _aGEN
654 _aCAN
942 _cLIB
_dJUS
_fJUS
_2ddc
_n
999 _c5120
_d5120